[Event "CAN-op"]
[Site "Edmonton CAN"]
[Date "2005.07.13"]
[Round "6"]
[White "Kuczaj, Chris"]
[Black "Grumic, Sasha"]
[Result "0-1"]
[WhiteElo "1904"]
[BlackElo "2087"]
[PlyCount "63"]
[GameId "2160767910901786"]
[EventDate "2005.07.09"]
[EventType "swiss"]
[EventRounds "10"]
[EventCountry "CAN"]
[SourceTitle "CBM 107 Extra"]
[Source "ChessBase"]
[SourceDate "2005.09.01"]
[SourceVersion "1"]
[SourceVersionDate "2005.09.01"]
[SourceQuality "1"]

1. e4 c5 2. Nf3 Nc6 3. Nc3 g6 4. d4 cxd4 5. Nxd4 Bg7 6. Be3 Nf6 7. Be2 O-O 8. O-O d5 9. exd5 Nxd5 10. Nxd5 Qxd5 11. Bf3 Qc4 12. Nxc6 bxc6 13. c3 Bf5 14. Qe2 Qxe2 15. Bxe2 Rfb8 16. b3 a5 17. Rac1 Be6 18. Bc5 a4 19. bxa4 Bf6 20. a3 Rxa4 21. Rfd1 Ra5 22. Bb4 Re5 23. Bf3 c5 24. Ba5 Rb2 25. c4 Rf5 26. Bc3 Bxc3 27. Rxc3 Rf4 28. Rdc1 g5 29. g3 Rf6 30. Kg2 g4 31. Be4 Rfxf2+ 32. Kg1 0-1

[Event "CAN-op"]
[Site "Edmonton CAN"]
[Date "2005.07.13"]
[Round "6"]
[White "Mattson, Dane"]
[Black "Vincent, Trevor"]
[Result "0-1"]
[WhiteElo "1819"]
[BlackElo "2000"]
[PlyCount "49"]
[GameId "2160767910901787"]
[EventDate "2005.07.09"]
[EventType "swiss"]
[EventRounds "10"]
[EventCountry "CAN"]
[SourceTitle "CBM 107 Extra"]
[Source "ChessBase"]
[SourceDate "2005.09.01"]
[SourceVersion "1"]
[SourceVersionDate "2005.09.01"]
[SourceQuality "1"]

1. d4 f5 2. g3 Nf6 3. Bg2 g6 4. c4 Bg7 5. Nc3 O-O 6. Bg5 d6 7. Nf3 Nc6 8. Bxf6 Bxf6 9. O-O Bg7 10. d5 Ne5 11. Nxe5 Bxe5 12. e3 Bd7 13. Qb3 Rb8 14. Rad1 c5 15. dxc6 bxc6 16. Qc2 Qa5 17. Rd3 Rb6 18. Nd1 Qc5 19. Rd2 a5 20. Re1 Be6 21. b3 a4 22. f4 Bf6 23. Nf2 axb3 24. axb3 Qb4 25. Rd3 0-1

[Event "CAN-op"]
[Site "Edmonton CAN"]
[Date "2005.07.13"]
[Round "6"]
[White "Mulyar, Michael"]
[Black "Henson, Joshua"]
[Result "1-0"]
[WhiteElo "2422"]
[BlackElo "2221"]
[PlyCount "89"]
[GameId "2160767910901788"]
[EventDate "2005.07.09"]
[EventType "swiss"]
[EventRounds "10"]
[EventCountry "CAN"]
[SourceTitle "CBM 107 Extra"]
[Source "ChessBase"]
[SourceDate "2005.09.01"]
[SourceVersion "1"]
[SourceVersionDate "2005.09.01"]
[SourceQuality "1"]

1. e4 e6 2. d4 d5 3. Nc3 Bb4 4. e5 Ne7 5. a3 Bxc3+ 6. bxc3 b6 7. Qg4 Ng6 8. Nf3 Ba6 9. Bxa6 Nxa6 10. a4 Qd7 11. h4 Qc6 12. Bb2 h5 13. Qg5 Qd7 14. Bc1 c5 15. O-O Rc8 16. Ba3 Nb8 17. a5 Qd8 18. Qg3 Nd7 19. axb6 axb6 20. Rad1 Ra8 21. Bc1 Ra4 22. Bg5 Qa8 23. Nh2 Ngf8 24. Rfe1 Ra3 25. Bc1 Ra2 26. Qxg7 Ng6 27. Nf3 Ndf8 28. dxc5 bxc5 29. Be3 Rh7 30. Qf6 Qd8 31. Qxd8+ Kxd8 32. Bxc5 Nd7 33. Bd6 Rxc2 34. Rc1 Rxc1 35. Rxc1 Rg7 36. Ra1 Nb6 37. Ra7 Nc8 38. Rb7 Nh8 39. Nd4 Rg4 40. Nc6+ Ke8 41. Rc7 Nb6 42. Re7+ Kf8 43. Rb7+ Kg7 44. Rxb6 Rxh4 45. Rb4 1-0

[Event "CAN-op"]
[Site "Edmonton CAN"]
[Date "2005.07.13"]
[Round "6"]
[White "Nataf, Igor A"]
[Black "Mohota, Nisha"]
[Result "1-0"]
[WhiteElo "2603"]
[BlackElo "2343"]
[PlyCount "41"]
[GameId "2160767910901789"]
[EventDate "2005.07.09"]
[EventType "swiss"]
[EventRounds "10"]
[EventCountry "CAN"]
[SourceTitle "CBM 107 Extra"]
[Source "ChessBase"]
[SourceDate "2005.09.01"]
[SourceVersion "1"]
[SourceVersionDate "2005.09.01"]
[SourceQuality "1"]

1. e4 c5 2. Nf3 d6 3. d4 cxd4 4. Nxd4 Nf6 5. Nc3 a6 6. Bg5 e6 7. f4 Nbd7 8. Bc4 Qc7 9. Qe2 b5 10. Bxe6 fxe6 11. Nxe6 Qb8 12. Nd5 Ra7 13. O-O-O Bb7 14. Ndc7+ Kf7 15. e5 Ne4 16. Qg4 Ndf6 17. exf6 gxf6 18. Bh4 Qc8 19. Rhe1 Qd7 20. Qf5 Bc6 21. Rxe4 1-0

[Event "CAN-op"]
[Site "Edmonton CAN"]
[Date "2005.07.13"]
[Round "6"]
[White "Neven, Knut"]
[Black "Gillanders, Robert"]
[Result "1-0"]
[WhiteElo "2233"]
[BlackElo "1765"]
[PlyCount "141"]
[GameId "2160767910901790"]
[EventDate "2005.07.09"]
[EventType "swiss"]
[EventRounds "10"]
[EventCountry "CAN"]
[SourceTitle "CBM 107 Extra"]
[Source "ChessBase"]
[SourceDate "2005.09.01"]
[SourceVersion "1"]
[SourceVersionDate "2005.09.01"]
[SourceQuality "1"]

1. d4 Nf6 2. Bg5 g6 3. Bxf6 exf6 4. g3 d5 5. Bg2 Bg7 6. Nh3 O-O 7. O-O c6 8. Nf4 f5 9. e3 Nd7 10. c4 dxc4 11. Nd2 Nf6 12. Nxc4 Re8 13. Rc1 Ne4 14. Qc2 Rb8 15. Rfd1 Qe7 16. a4 Rd8 17. a5 Bd7 18. Nd2 Nf6 19. Qc5 Qxc5 20. Rxc5 Bf8 21. Rcc1 g5 22. Nd3 Be6 23. Nc5 Bd5 24. Nf3 h6 25. h4 Ne4 26. hxg5 hxg5 27. Nxe4 fxe4 28. Nxg5 f5 29. Bf1 b5 30. axb6 Rxb6 31. Bc4 Be7 32. Nh3 Kf7 33. Bxd5+ Rxd5 34. Ra1 a5 35. Nf4 Rdb5 36. d5 c5 37. Rd2 Bd6 38. Ra2 Bxf4 39. exf4 Ke7 40. Ra4 Kd6 41. g4 Rb8 42. gxf5 Rf8 43. Rxe4 Rxf5 44. Re6+ Kd7 45. Re5 Rxf4 46. d6 Rf6 47. Re7+ Kd8 48. d7 Rf8 49. Rg7 c4 50. Rd6 Rxb2 51. Ra6 Rb8 52. Rxa5 Rh8 53. Rc5 Rf8 54. Rxc4 Ra8 55. Kg2 Rxf2+ 56. Kxf2 Ra2+ 57. Ke3 Re2+ 58. Kd4 Re4+ 59. Kc5 Re5+ 60. Kb4 Rb5+ 61. Kc3 Rb3+ 62. Kd4 Rd3+ 63. Ke5 Rd5+ 64. Kf6 Rf5+ 65. Kg6 Rg5+ 66. Kh7 Rh5+ 67. Kg8 Rh8+ 68. Kf7 Rf8+ 69. Kg6 Rf6+ 70. Kg5 Rf5+ 71. Kg4 1-0

[Event "CAN-op"]
[Site "Edmonton CAN"]
[Date "2005.07.13"]
[Round "6"]
[White "Pradzinski, Alex"]
[Black "Gauer, Kai"]
[Result "1-0"]
[WhiteElo "1236"]
[BlackElo "1132"]
[PlyCount "70"]
[GameId "2160767910901791"]
[EventDate "2005.07.09"]
[EventType "swiss"]
[EventRounds "10"]
[EventCountry "CAN"]
[SourceTitle "CBM 107 Extra"]
[Source "ChessBase"]
[SourceDate "2005.09.01"]
[SourceVersion "1"]
[SourceVersionDate "2005.09.01"]
[SourceQuality "1"]

1. e4 d6 2. d4 a6 3. Nc3 b5 4. Bg5 h6 5. Bh4 Nd7 6. Qe2 Bb7 7. O-O-O g5 8. Bg3 c6 9. d5 c5 10. e5 f5 11. exd6 f4 12. Re1 fxg3 13. hxg3 Rh7 14. Nf3 g4 15. Ng5 Rg7 16. Ne6 Qa5 17. Nxg7+ Kf7 18. dxe7 Nxe7 19. Qxg4 Bxg7 20. Qxd7 Re8 21. d6 Bc6 22. Rxe7+ Rxe7 23. Qxe7+ Kg8 24. d7 Bxd7 25. Qxd7 b4 26. Bd3 bxc3 27. Qe8+ Bf8 28. Rxh6 cxb2+ 29. Kxb2 Qb4+ 30. Kc1 Qa3+ 31. Kd1 c4 32. Rh8+ Kxh8 33. Qxf8+ Qxf8 34. Bxc4 Qxf2 35. Bxa6 Qf1+ 1-0

[Event "CAN-op"]
[Site "Edmonton CAN"]
[Date "2005.07.13"]
[Round "6"]
[White "Rivas Cabrera, Edgar"]
[Black "Johnson, Dean"]
[Result "0-1"]
[WhiteElo "1764"]
[BlackElo "1588"]
[PlyCount "40"]
[GameId "2160767910901792"]
[EventDate "2005.07.09"]
[EventType "swiss"]
[EventRounds "10"]
[EventCountry "CAN"]
[SourceTitle "CBM 107 Extra"]
[Source "ChessBase"]
[SourceDate "2005.09.01"]
[SourceVersion "1"]
[SourceVersionDate "2005.09.01"]
[SourceQuality "1"]

1. e4 e6 2. d4 d5 3. Nc3 Bb4 4. e5 c5 5. a3 Bxc3+ 6. bxc3 Ne7 7. Bg5 Qa5 8. Bd2 Bd7 9. c4 Qc7 10. cxd5 Nxd5 11. c3 Nc6 12. Nf3 O-O 13. Bb5 Nxd4 14. cxd4 Bxb5 15. dxc5 Qxc5 16. Ng5 Qd4 17. Nf3 Qe4+ 18. Be3 Nxe3 19. Qb1 Nxg2+ 20. Kd1 Qe2+ 0-1

[Event "CAN-op"]
[Site "Edmonton CAN"]
[Date "2005.07.13"]
[Round "6"]
[White "Sandipan, Chanda"]
[Black "Haessel, Dale"]
[Result "1/2-1/2"]
[WhiteElo "2600"]
[BlackElo "2230"]
[PlyCount "139"]
[GameId "2160767910901793"]
[EventDate "2005.07.09"]
[EventType "swiss"]
[EventRounds "10"]
[EventCountry "CAN"]
[SourceTitle "CBM 107 Extra"]
[Source "ChessBase"]
[SourceDate "2005.09.01"]
[SourceVersion "1"]
[SourceVersionDate "2005.09.01"]
[SourceQuality "1"]

1. e4 c5 2. Nf3 d6 3. d4 cxd4 4. Nxd4 Nf6 5. Nc3 a6 6. Be3 e5 7. Nf3 Be7 8. Bc4 O-O 9. Bb3 Be6 10. O-O h6 11. Qe2 Qc7 12. Nh4 Nc6 13. Nf5 Rac8 14. Rad1 Rfd8 15. Na4 Re8 16. Nb6 Rcd8 17. Nd5 Bxd5 18. Bxd5 Nxd5 19. exd5 Nd4 20. Nxd4 exd4 21. Rxd4 Bf6 22. Rb4 Qa5 23. Rxb7 Qxa2 24. b3 Rc8 25. Rc1 Rc3 26. Qh5 Rf8 27. Qf5 Qb2 28. Bd2 Rfc8 29. g3 Rxc2 30. Rxc2 Qxc2 31. Qxc2 Rxc2 32. Be3 Rb2 33. Rb6 a5 34. h4 h5 35. Rb5 Bc3 36. Bb6 Kf8 37. Bc7 Bb4 38. Bb6 Ke7 39. Kg2 g6 40. Kf1 Rb1+ 41. Kg2 Rb2 42. Kf1 Rb1+ 43. Ke2 Rb2+ 44. Kd1 f5 45. Bxa5 Bxa5 46. Rxa5 Rxf2 47. Ra7+ Kf6 48. Rd7 Ke5 49. Rg7 Kxd5 50. Rxg6 Rb2 51. Rh6 Rxb3 52. Rxh5 Ke4 53. Rg5 d5 54. Rg8 Rb2 55. h5 Rh2 56. Rh8 Kd3 57. Kc1 Rh1+ 58. Kb2 Rh3 59. h6 Rxg3 60. Rf8 Rh3 61. Rxf5 d4 62. Rd5 Rxh6 63. Kc1 Rc6+ 64. Kd1 Ra6 65. Kc1 Ra1+ 66. Kb2 Re1 67. Rd8 Ke3 68. Kc2 Re2+ 69. Kd1 Rh2 70. Rd7 1/2-1/2

[Event "CAN-op"]
[Site "Edmonton CAN"]
[Date "2005.07.13"]
[Round "6"]
[White "Skylar, Malito"]
[Black "Boron, Anthony"]
[Result "0-1"]
[WhiteElo "1661"]
[BlackElo "1966"]
[PlyCount "80"]
[GameId "2160767910901794"]
[EventDate "2005.07.09"]
[EventType "swiss"]
[EventRounds "10"]
[EventCountry "CAN"]
[SourceTitle "CBM 107 Extra"]
[Source "ChessBase"]
[SourceDate "2005.09.01"]
[SourceVersion "1"]
[SourceVersionDate "2005.09.01"]
[SourceQuality "1"]

1. Nf3 Nf6 2. e3 c5 3. b3 g6 4. Bb2 Bg7 5. d4 d5 6. Ne5 O-O 7. Nd2 cxd4 8. exd4 Nc6 9. f4 Bf5 10. Be2 Rc8 11. c3 Qc7 12. g4 Be4 13. Nxe4 Nxe4 14. Qd3 f6 15. Nxc6 bxc6 16. Rf1 e5 17. dxe5 fxe5 18. f5 Qe7 19. Qh3 Ng5 20. Qg2 e4 21. O-O-O Qe5 22. h4 Nf7 23. fxg6 hxg6 24. Ba6 Rcd8 25. Rd2 Nh6 26. Rxf8+ Kxf8 27. Qf2+ Kg8 28. Qxa7 Nxg4 29. Rg2 Qf4+ 30. Kb1 Qf3 31. Qc7 Rf8 32. Rg1 e3 33. Qe7 Ne5 34. a4 e2 35. Re1 Ra8 36. Rxe2 Qf5+ 37. Ka2 Rxa6 38. Qb7 Qd3 39. Rg2 c5 40. c4 dxc4 0-1

[Event "CAN-op"]
[Site "Edmonton CAN"]
[Date "2005.07.13"]
[Round "6"]
[White "Tegzes, Laszlo"]
[Black "Yoos, John"]
[Result "0-1"]
[WhiteElo "2109"]
[BlackElo "2442"]
[PlyCount "54"]
[GameId "2160767910901796"]
[EventDate "2005.07.09"]
[EventType "swiss"]
[EventRounds "10"]
[EventCountry "CAN"]
[SourceTitle "CBM 107 Extra"]
[Source "ChessBase"]
[SourceDate "2005.09.01"]
[SourceVersion "1"]
[SourceVersionDate "2005.09.01"]
[SourceQuality "1"]

1. e4 g6 2. d4 d6 3. Nc3 Bg7 4. Be2 Nf6 5. h4 c5 6. Be3 cxd4 7. Qxd4 Nc6 8. Qd2 Qa5 9. Nh3 Bxh3 10. Rxh3 h5 11. f3 Rc8 12. g4 hxg4 13. fxg4 a6 14. g5 Nh5 15. Bg4 e6 16. Rd1 Be5 17. Bxh5 Rxh5 18. Bf4 Nd4 19. Bxe5 dxe5 20. Qf2 Qb6 21. Na4 Nxc2+ 22. Kf1 Qb5+ 23. Rhd3 Nb4 24. Nc5 Nxd3 25. Nxd3 Rd8 26. Ke2 Qc4 27. Qf3 Rxh4 0-1

[Event "CAN-op"]
[Site "Edmonton CAN"]
[Date "2005.07.13"]
[Round "6"]
[White "Willie, Joshua"]
[Black "Seehagen, Terry"]
[Result "1-0"]
[WhiteElo "1555"]
[BlackElo "1608"]
[PlyCount "71"]
[GameId "2160767910901797"]
[EventDate "2005.07.09"]
[EventType "swiss"]
[EventRounds "10"]
[EventCountry "CAN"]
[SourceTitle "CBM 107 Extra"]
[Source "ChessBase"]
[SourceDate "2005.09.01"]
[SourceVersion "1"]
[SourceVersionDate "2005.09.01"]
[SourceQuality "1"]

1. e4 d5 2. exd5 Nf6 3. Nc3 e5 4. dxe6 Bxe6 5. h3 Bc5 6. Nf3 Qe7 7. Be2 Nc6 8. O-O Rd8 9. Re1 O-O 10. Bc4 Nd4 11. Ng5 Qd7 12. Nxe6 fxe6 13. d3 Rde8 14. a3 Qf7 15. Ne2 Nd5 16. Rf1 Nf3+ 17. gxf3 Qg6+ 18. Kh2 Bd6+ 19. Ng3 Nf4 20. Bxf4 Bxf4 21. Rg1 Qh6 22. Qf1 Bd6 23. Kh1 Rf4 24. Re1 Rh4 25. Kh2 g5 26. Re4 Bf4 27. Rxf4 Rxf4 28. Ne4 Kh8 29. Nxg5 Rf5 30. Ne4 Ref8 31. Rg3 Rf4 32. Qg2 Qh5 33. Ng5 Rg8 34. Nxe6 Rxg3 35. Qxg3 Rxf3 36. Qg7# 1-0

[Event "CAN-op"]
[Site "Edmonton CAN"]
[Date "2005.07.13"]
[Round "6"]
[White "Wilson, Jonathan"]
[Black "Baser, John"]
[Result "0-1"]
[WhiteElo "2293"]
[BlackElo "1815"]
[PlyCount "60"]
[GameId "2160767910901798"]
[EventDate "2005.07.09"]
[EventType "swiss"]
[EventRounds "10"]
[EventCountry "CAN"]
[SourceTitle "CBM 107 Extra"]
[Source "ChessBase"]
[SourceDate "2005.09.01"]
[SourceVersion "1"]
[SourceVersionDate "2005.09.01"]
[SourceQuality "1"]

1. e4 c5 2. Nf3 d6 3. d4 cxd4 4. Nxd4 Nf6 5. Nc3 a6 6. Be3 b5 7. f3 b4 8. Nd5 e6 9. Nxb4 Qc7 10. Qd2 Be7 11. O-O-O O-O 12. g4 Bb7 13. h4 Nbd7 14. h5 Nc5 15. g5 Nfd7 16. Nd3 Rab8 17. h6 g6 18. Nxc5 dxc5 19. Nxe6 Qe5 20. Nxf8 Bc6 21. Bd4 cxd4 22. Nxd7 Bxd7 23. Qxd4 Qxg5+ 24. Kb1 Bf6 25. Qd2 Rxb2+ 26. Kc1 Qc5 27. Qg2 Bg5+ 28. Kxb2 Qb4+ 29. Ka1 Bf6+ 30. c3 Bxc3+ 0-1

[Event "CAN-op"]
[Site "Edmonton CAN"]
[Date "2005.07.13"]
[Round "6"]
[White "Wong, Wylon"]
[Black "Walker, Adrian1"]
[Result "1-0"]
[WhiteElo "1894"]
[BlackElo "1559"]
[PlyCount "89"]
[GameId "2160767910901799"]
[EventDate "2005.07.09"]
[EventType "swiss"]
[EventRounds "10"]
[EventCountry "CAN"]
[SourceTitle "CBM 107 Extra"]
[Source "ChessBase"]
[SourceDate "2005.09.01"]
[SourceVersion "1"]
[SourceVersionDate "2005.09.01"]
[SourceQuality "1"]

1. d4 Nf6 2. c4 e6 3. Nc3 d5 4. e3 Be7 5. Bd2 c5 6. Nf3 O-O 7. cxd5 cxd4 8. Nxd4 Nxd5 9. g3 b6 10. Bg2 Bb7 11. Qb3 Na6 12. Nxd5 Bxd5 13. Bxd5 Qxd5 14. Qxd5 exd5 15. O-O Bf6 16. Bc3 Rfc8 17. Rfd1 Nc7 18. Rd3 Kf8 19. Rad1 Ke8 20. Nf5 Bxc3 21. Rxc3 Nb5 22. Rxc8+ Rxc8 23. Rxd5 Rc5 24. Nxg7+ Kf8 25. Rxc5 bxc5 26. Nf5 Nc7 27. Kf1 Nd5 28. Ke2 Nb4 29. a3 Nc6 30. Kd3 Ne5+ 31. Kc3 Ng4 32. Kc4 Nxf2 33. Kxc5 Nd3+ 34. Kb5 Nxb2 35. Nd6 Nd1 36. Nc4 Ke7 37. Ka6 Kd7 38. Kxa7 Kc6 39. Ne5+ Kd5 40. Nxf7 Nxe3 41. a4 Nc4 42. Ka6 Ne3 43. Kb5 Nf5 44. a5 Ne7 45. Kb6 1-0

[Event "CAN-op"]
[Site "Edmonton CAN"]
[Date "2005.07.13"]
[Round "6.5"]
[White "Reeve, Jeff"]
[Black "Shabalov, Alexander"]
[Result "0-1"]
[WhiteElo "2364"]
[BlackElo "2631"]
[PlyCount "76"]
[GameId "2160767910901800"]
[EventDate "2005.07.09"]
[EventType "swiss"]
[EventRounds "10"]
[EventCountry "CAN"]

1. e4 c5 2. Nf3 Nc6 3. d4 cxd4 4. Nxd4 Nf6 5. Nc3 e5 6. Ndb5 d6 7. Bg5 a6 8. Na3 b5 9. Bxf6 gxf6 10. Nd5 Bg7 11. c3 f5 12. exf5 Bxf5 13. Nc2 O-O 14. Nce3 Bg6 15. a4 b4 16. Nxb4 Nxb4 17. cxb4 f5 18. Bc4+ Kh8 19. h4 h6 20. Qd2 Bh7 21. Rd1 Qe8 22. b3 f4 23. Nd5 e4 24. Nc7 Qg6 25. Nxa8 Qxg2 26. Rf1 Qf3 27. Rc1 Rxa8 28. Rg1 e3 29. fxe3 Re8 30. Be2 Qh3 31. Rc7 fxe3 32. Qxd6 Qxh4+ 33. Kd1 Qe4 34. Ke1 Be5 35. Rxh7+ Qxh7 36. Qd3 Qc7 37. Qc4 Qd6 38. Bd3 e2 0-1

[Event "CAN-op"]
[Site "Edmonton CAN"]
[Date "2005.07.13"]
[Round "6.7"]
[White "Gentes, Kevin"]
[Black "Kunte, Abhijit"]
[Result "0-1"]
[WhiteElo "2331"]
[BlackElo "2601"]
[PlyCount "66"]
[GameId "2160767910901801"]
[EventDate "2005.07.09"]
[EventType "swiss"]
[EventRounds "10"]
[EventCountry "CAN"]

1. e4 c5 2. Nf3 e6 3. d4 cxd4 4. Nxd4 Nf6 5. Nc3 d6 6. Be2 Be7 7. O-O Nc6 8. Nb3 a6 9. f4 b5 10. Bf3 Bb7 11. a3 O-O 12. Be3 Rc8 13. Qe2 Qc7 14. Bf2 Nd7 15. Bg3 Nc5 16. Rad1 Na4 17. e5 dxe5 18. fxe5 Nxb2 19. Rde1 Nc4 20. Be4 Rcd8 21. Qh5 g6 22. Qh6 Nd4 23. Bxb7 Qxb7 24. Ne4 Nf5 25. Rxf5 exf5 26. Ng5 Bxg5 27. Qxg5 Rfe8 28. c3 Qc7 29. Qf4 Rd5 30. Bh4 Qa7+ 31. Bf2 Qc7 32. Bd4 f6 33. Qf3 Qf7 0-1

[Event "CAN-op"]
[Site "Edmonton CAN"]
[Date "2005.07.13"]
[Round "6.10"]
[White "Peter, Steven"]
[Black "Venkatesh, Marani Rajendran"]
[Result "1/2-1/2"]
[WhiteElo "2297"]
[BlackElo "2475"]
[PlyCount "92"]
[GameId "2160767910901803"]
[EventDate "2005.07.09"]
[EventType "swiss"]
[EventRounds "10"]
[EventCountry "CAN"]

1. Nf3 c5 2. c4 Nf6 3. g3 b6 4. Bg2 Bb7 5. O-O e6 6. Nc3 Be7 7. b3 O-O 8. Bb2 d6 9. e3 Nbd7 10. d4 a6 11. d5 exd5 12. Nh4 Rb8 13. cxd5 Re8 14. a4 Bf8 15. Qd2 Ba8 16. e4 b5 17. axb5 axb5 18. Rfe1 g6 19. Ra6 b4 20. Nd1 Bb7 21. Ra1 Bg7 22. f3 Nb6 23. Ne3 Nfd7 24. Bxg7 Kxg7 25. Ng4 Kh8 26. Bf1 Qe7 27. Bb5 Rec8 28. Ra7 Ne5 29. Qb2 f6 30. Nxe5 dxe5 31. Qf2 Rc7 32. Rc1 Nc8 33. Ra5 Ra8 34. Rxa8 Bxa8 35. Bd3 Qd6 36. Ng2 Nb6 37. Ne3 Ra7 38. Qb2 Kg7 39. Ra1 Qc7 40. Nc4 Nc8 41. Kf2 Qb8 42. Ra2 Kf7 43. Qa1 Ke7 44. Ke2 Bb7 45. Rxa7 Qxa7 46. Qxa7 Nxa7 1/2-1/2

[Event "CAN-op"]
[Site "Edmonton CAN"]
[Date "2005.07.13"]
[Round "6.13"]
[White "Roy Chowdhury, Saptarshi"]
[Black "Pechisker, Alfred"]
[Result "1/2-1/2"]
[WhiteElo "2421"]
[BlackElo "2190"]
[PlyCount "60"]
[GameId "2160767910901805"]
[EventDate "2005.07.09"]
[EventType "swiss"]
[EventRounds "10"]
[EventCountry "CAN"]

1. e4 c5 2. Nf3 d6 3. Bc4 Nf6 4. d3 e6 5. Bb3 Nc6 6. O-O Be7 7. c3 O-O 8. Re1 Qc7 9. Nbd2 b5 10. a4 b4 11. Nf1 Rb8 12. Bc2 Nd7 13. Ne3 Nde5 14. h3 Bf6 15. Bd2 Ba6 16. Ng4 Nxg4 17. hxg4 bxc3 18. bxc3 g6 19. g3 Rb2 20. Kg2 Ne5 21. Nxe5 dxe5 22. c4 Bg7 23. g5 Rd8 24. Qc1 Rb7 25. Rh1 f5 26. gxf6 Bxf6 27. Be3 Qd6 28. Qa3 Rb4 29. Qc3 Rf8 30. Rhb1 Rfb8 1/2-1/2

[Event "CAN-op"]
[Site "Edmonton CAN"]
[Date "2005.07.13"]
[Round "6.16"]
[White "Gardner, Robert"]
[Black "Krush, Irina"]
[Result "0-1"]
[WhiteElo "2221"]
[BlackElo "2444"]
[PlyCount "108"]
[GameId "2160767910901807"]
[EventDate "2005.07.09"]
[EventType "swiss"]
[EventRounds "10"]
[EventCountry "CAN"]

1. f4 d5 2. Nf3 g6 3. e3 Bg7 4. Be2 c5 5. O-O Nf6 6. d3 O-O 7. Qe1 Nc6 8. a4 Re8 9. Ne5 Nxe5 10. fxe5 Ng4 11. d4 f6 12. h3 Nh6 13. dxc5 Qc7 14. Bb5 Rd8 15. exf6 exf6 16. b4 a5 17. c3 Qe5 18. Ra2 Bf5 19. Na3 Nf7 20. Nc2 Bxc2 21. Rxc2 f5 22. c4 axb4 23. Qxb4 d4 24. c6 bxc6 25. Bxc6 Rab8 26. Qe1 Qc5 27. Bb5 d3 28. Ra2 Ng5 29. Ba3 Qc7 30. Bb4 Ne4 31. Ba5 Qd6 32. Rd2 Qc5 33. Rd1 Bh6 34. Rf3 Rd6 35. Bb4 d2 36. Bxc5 dxe1=Q+ 37. Rxe1 Nxc5 38. g4 Rf8 39. gxf5 gxf5 40. Ref1 Rdf6 41. a5 Nb3 42. a6 Rg6+ 43. Kh1 Nd2 44. Rxf5 Rxf5 45. Rxf5 Bxe3 46. c5 Rg1+ 47. Kh2 Bxc5 48. h4 Be3 49. Kh3 Kg7 50. Bd3 h6 51. Bb5 Ne4 52. Kh2 Rg4 53. Kh3 Rg3+ 54. Kh2 Bg1+ 0-1

[Event "CAN-op"]
[Site "Edmonton CAN"]
[Date "2005.07.13"]
[Round "6.20"]
[White "Swathi, Ghate"]
[Black "Nguyen, Kim"]
[Result "0-1"]
[WhiteElo "2281"]
[BlackElo "2060"]
[PlyCount "90"]
[GameId "2160767910901809"]
[EventDate "2005.07.09"]
[EventType "swiss"]
[EventRounds "10"]
[EventCountry "CAN"]

1. e4 c5 2. Nf3 d6 3. d4 cxd4 4. Nxd4 Nf6 5. Nc3 a6 6. Be3 Ng4 7. Bc1 Nf6 8. f3 Qb6 9. Nb3 e6 10. Qe2 Qc7 11. Be3 b5 12. Qf2 Nbd7 13. g4 Ne5 14. g5 Nfd7 15. Bd4 Rb8 16. f4 Nc4 17. O-O-O b4 18. Nd5 exd5 19. exd5 Nce5 20. fxe5 dxe5 21. Be3 Bd6 22. Bd3 O-O 23. Rhf1 e4 24. Bxe4 Ne5 25. Bd4 Ng6 26. h4 Bg4 27. h5 Bxh5 28. Bf3 Bxf3 29. Qxf3 Rbc8 30. Rd2 Bf4 31. Be3 Bxe3 32. Qxe3 Rfe8 33. Qf2 Re5 34. d6 Qd7 35. Qg3 Rce8 36. Rfd1 a5 37. Nd4 Rd5 38. Ne2 Rxd2 39. Rxd2 Qf5 40. d7 Rd8 41. Qc7 Qxg5 42. Ng3 Nf8 43. Ne4 Qg1+ 44. Rd1 Qe3+ 45. Kb1 Rxd7 0-1

[Event "CAN-op"]
[Site "Edmonton CAN"]
[Date "2005.07.13"]
[Round "6.22"]
[White "Pechenkin, Vladimir"]
[Black "Barber, Glen"]
[Result "1-0"]
[WhiteElo "2263"]
[BlackElo "2005"]
[PlyCount "45"]
[GameId "2160767910901810"]
[EventDate "2005.07.09"]
[EventType "swiss"]
[EventRounds "10"]
[EventCountry "CAN"]

1. Nf3 Nf6 2. g3 b6 3. Bg2 Bb7 4. O-O e6 5. d3 d5 6. Nbd2 Be7 7. e4 dxe4 8. Ng5 O-O 9. Ngxe4 Qc8 10. f4 Nbd7 11. Qe2 c5 12. Nf3 Qc7 13. c4 Rfe8 14. Bd2 a6 15. Rae1 b5 16. Neg5 h6 17. Nxf7 Kxf7 18. Qxe6+ Kg6 19. Ba5 Qc8 20. Bh3 Kh7 21. Bf5+ g6 22. Qf7+ Kh8 23. Nh4 1-0

[Event "CAN-op"]
[Site "Edmonton CAN"]
[Date "2005.07.13"]
[Round "6.23"]
[White "Hughey, Micah"]
[Black "Campbell, Brett"]
[Result "1/2-1/2"]
[WhiteElo "2027"]
[BlackElo "2250"]
[PlyCount "52"]
[GameId "2160767910901811"]
[EventDate "2005.07.09"]
[EventType "swiss"]
[EventRounds "10"]
[EventCountry "CAN"]

1. e4 g6 2. d4 Bg7 3. Nc3 d6 4. Bc4 Nf6 5. Qe2 Nc6 6. e5 Nxd4 7. exf6 Nxe2 8. fxg7 Rg8 9. Ngxe2 Rxg7 10. Bh6 Rg8 11. O-O-O Bf5 12. Rhe1 Qd7 13. Nd4 O-O-O 14. Bxf7 e5 15. Bxg8 exd4 16. Nd5 Rxg8 17. Ne7+ Kd8 18. Nxg8 Qa4 19. Bg5+ Kd7 20. Nf6+ Kc6 21. Re2 Qxa2 22. Rxd4 Qa1+ 23. Kd2 Qxb2 24. Rc4+ Kb5 25. Rxc7 Qd4+ 26. Ke1 Qa1+ 1/2-1/2

[Event "CAN-op"]
[Site "Edmonton CAN"]
[Date "2005.07.13"]
[Round "6.25"]
[White "McGowan, Gary"]
[Black "Chi, Jonathan"]
[Result "1-0"]
[WhiteElo "2415"]
[BlackElo "1744"]
[PlyCount "73"]
[GameId "2160767910901812"]
[EventDate "2005.07.09"]
[EventType "swiss"]
[EventRounds "10"]
[EventCountry "CAN"]

1. c4 Nf6 2. g3 e5 3. Bg2 d5 4. cxd5 Nxd5 5. Nc3 Be6 6. Nf3 Nc6 7. O-O Qd7 8. Ng5 Nxc3 9. bxc3 Bd5 10. Bh3 Qe7 11. e4 Bc4 12. d3 Rd8 13. Qa4 Bxd3 14. Re1 h6 15. Nf3 Qf6 16. Kg2 b5 17. Qa6 Bc5 18. Be3 Bxe3 19. Rxe3 O-O 20. a4 bxa4 21. Rxd3 Rxd3 22. Qxd3 Rd8 23. Qc2 g5 24. Rxa4 h5 25. Bf5 g4 26. Ng1 a5 27. Ra1 Qd6 28. h3 gxh3+ 29. Bxh3 Qc5 30. Qc1 Qc4 31. Bf5 a4 32. Nf3 Rd3 33. Qh6 Rd6 34. Qxh5 Kf8 35. Qh8+ Ke7 36. Nxe5 Qxc3 37. Ng6+ 1-0